| 000 | 00817nam a22002777a 4500 | ||
|---|---|---|---|
| 005 | 20260113141124.0 | ||
| 008 | 260113t2024 sp ||||| |||| 00| 0 spa d | ||
| 020 | _a978-2-294-78047-9 | ||
| 040 | _aIste | ||
| 041 | _aspa | ||
| 044 | _asp | ||
| 082 |
_a612:612.7 _bT544 |
||
| 100 |
_aTixa, Serge _cAutor _eAutor _98705 |
||
| 245 |
_aAtlas de anatomía palpatoria: _bcuello, tronco y miembro superior tomo 1 |
||
| 250 | _a5a. ed. | ||
| 260 |
_aBarcelona - España _bElsevier _c2024 |
||
| 300 |
_a333 páginas, _bgráficos, ilustraciones, tablas. |
||
| 650 |
_aCUELLO _98706 |
||
| 650 |
_aTRONCO Y SACRO _98707 |
||
| 650 |
_aHOMBRO _98708 |
||
| 650 |
_aCODO _98709 |
||
| 650 |
_aMUÑECA Y MANO _98710 |
||
| 653 | _aTECNOLOGÍA Y CIENCIAS MÉDICAS | ||
| 653 | _aTERAPÉUTICA | ||
| 942 |
_2udc _cLB _zUCat |
||
| 999 |
_c1736 _d1736 |
||